Historia de Europa desde 1870 / (Record no. 84934)

MARC details
000 -LEADER
campo de control de longitud fija 00674nam a2200205 i 4500
001 - NÚMERO DE CONTROL
campo de control 84934
003 - IDENTIFICADOR DE NÚMERO DE CONTROL
campo de control ES-MaACL
007 - CAMPO FIJO DE DESCRIPCIÓN FÍSICA--INFORMACIÓN GENERAL
campo de control de longitud fija t|
008 - DATOS DE LONGITUD FIJA--INFORMACIÓN GENERAL
campo de control de longitud fija 041124s1983 sp ||||1| spa d
100 1# - ENTRADA PRINCIPAL--NOMBRE DE PERSONA
Nombre de persona Joll, James.
9 (RLIN) 66800
245 10 - MENCIÓN DEL TÍTULO
Título Historia de Europa desde 1870 /
Mención de responsabilidad, etc. James Joll ; versión de Enrique Obregón ; revisión técnica de Javier Maestro.
260 ## - PUBLICACIÓN, DISTRIBUCIÓN, ETC.
Lugar de publicación, distribución, etc. [Madrid :
Nombre del editor, distribuidor, etc. Alianza,
Fecha de publicación, distribución, etc. 1983]
300 ## - DESCRIPCIÓN FÍSICA
Extensión 563 p. ;
Dimensiones 23 cm.
490 1# - MENCIÓN DE SERIE
Mención de serie Alianza universidad. Textos ;
Designación de volumen o secuencia 66
700 1# - ENTRADA AGREGADA--NOMBRE PERSONAL
Nombre de persona Obregón, Enrique de.
9 (RLIN) 86425
700 1# - ENTRADA AGREGADA--NOMBRE PERSONAL
Nombre de persona Maestro, Javier.
9 (RLIN) 75407
830 0# - PUNTO DE ACCESO ADICIONAL DE SERIE-TÍTULO UNIFORME
Título uniforme Alianza universidad. Textos ;
Designación de volumen o secuencia 66
9 (RLIN) 177885
852 ## - LOCALIZACIÓN
Ubicación ES-MaACL
Número de control de estantería L-5355
Sublocalización o colección R.105883
Holdings
Estatus retirado Estado de pérdida Estado de daño No para préstamo Biblioteca de origen Biblioteca actual Ubicación en estantería Fecha de adquisición Fuente de adquisición Total de préstamos Signatura topográfica completa Código de barras Visto por última vez Precio de reemplazo Tipo de ítem Koha
        Biblioteca del Ateneo de Madrid Biblioteca del Ateneo de Madrid Depósito 2 17/01/2008     L-5355 1088759 23/02/2023 23/02/2023 Libro impreso